Európania si značky vyberajú spontánne
Výsledky celoeurópskeho prieskumu dôvery v spotrebiteľské značky, inštitúcie, oblasti vládnej politiky a jednotlivé profesie, ktorého sa Slovensko zúčastnilo už po tretíkrát. Najdôverihodnejšie značky na Slovensku a ich porovnanie s rokmi 2002 a 2001. Porovnanie najdôverihodnejších značiek na Sloven...
Gespeichert in:
| 1. Verfasser: | |
|---|---|
| Format: | Buchkapitel |
| Sprache: | Slowakisch |
| Schlagworte: | |
| Tags: |
Keine Tags, Fügen Sie das erste Tag hinzu!
|
MARC
| LEADER | 00000naa a2200000 4500 | ||
|---|---|---|---|
| 001 | r048494 | ||
| 005 | 20231004094410.3 | ||
| 041 | 0 | |a slo | |
| 044 | |a SK | ||
| 245 | 1 | 0 | |a Európania si značky vyberajú spontánne |c Anna Gajdošová |
| 520 | |a Výsledky celoeurópskeho prieskumu dôvery v spotrebiteľské značky, inštitúcie, oblasti vládnej politiky a jednotlivé profesie, ktorého sa Slovensko zúčastnilo už po tretíkrát. Najdôverihodnejšie značky na Slovensku a ich porovnanie s rokmi 2002 a 2001. Porovnanie najdôverihodnejších značiek na Slovensku, v ČR, Maďarsku a Poľsku. | ||
| 610 | 2 | 0 | |a prieskum spotrebiteľský |
| 610 | 2 | 0 | |a značky maloobchodné |
| 610 | 2 | 0 | |a spotrebitelia |
| 610 | 2 | 0 | |a porovnanie medzinárodné |
| 610 | 2 | 0 | |a Slovensko |
| 610 | 2 | 0 | |a Európa |
| 100 | 1 | |a Gajdošová, Anna | |